000 00357nam a2200157Ia 4500
005 20250425161624.0
008 250425s9999 xx 000 0 und d
041 _aspa
082 _aIBM4381
245 0 _aSUELO Y FERTILIZACION EN FRUTICULTURA
250 _aS.E.
260 _aS.L.
260 _aSin Pais
_bMUND
_c1979
942 _c01
010 _a24450
999 _c212767
_d212767